[Event "Moscow Open A 2015"]
[Site "Moscow RUS"]
[Date "2015.02.03"]
[Round "4.10"]
[White "Swayams, Mishra"]
[Black "Artemiev, Vladislav"]
[Result "0-1"]
[WhiteTitle "IM"]
[BlackTitle "GM"]
[WhiteElo "2480"]
[BlackElo "2659"]
[WhiteFideId "5028183"]
[BlackFideId "24101605"]
[EventDate "2015.01.31"]

1. d4 Nf6 2. c4 g6 3. Nc3 d5 4. e3 Bg7 5. Qb3 e6 6. Qa3 c6 7. Nf3 a5 8. b3 Na6
9. Bd2 Ne4 10. Be2 Nxd2 11. Nxd2 Nb4 12. Qb2 e5 13. dxe5 Bxe5 14. a3 Bf5 15.
axb4 Qf6 16. Rxa5 Rxa5 17. bxa5 Bxc3 18. Qa2 dxc4 19. Bxc4 Qd6 20. Ke2 O-O 21.
Rc1 Bxd2 22. Qxd2 Qxh2 23. g3 Bg4+ 24. Ke1 Qh1+ 25. Bf1 Re8 26. Qd3 Bf5 27. Qc4
Be4 28. Rd1 Bd5 29. Qd3 Re5 30. b4 Rf5 31. Rd2 Bg2 32. Qd8+ Kg7 33. Qd4+ Rf6 34.
Qc4 Bxf1 35. Qxf1 Qe4 36. Rd4 Qb1+ 37. Ke2 Qb2+ 38. Ke1 Qc1+ 39. Ke2 Qc2+ 40.
Ke1 c5 41. bxc5 Qxc5 42. Qd3 Qxa5+ 43. Kf1 b5 44. Qb3 Qc7 45. Kg1 Qb6 46. Qb2
Kg8 47. Re4 Qc6 48. Rd4 Qb6 49. Re4 Qc6 50. Rd4 Re6 51. Rb4 Rd6 52. e4 Rd1+ 53.
Kh2 g5 54. Kg2 Qh6 55. Kf3 Qh5+ 56. Ke3 Re1+ 57. Kd4 Qf3 58. Ke5 Re2 59. Qd4 h6
60. Rb2 Rxb2 61. Qxb2 Kg7 62. Kd5+ Kg6 63. Kd4 b4 64. e5 Qc3+ 65. Qxc3 bxc3 66.
Kxc3 h5 67. Kd3 Kf5 68. Kd4 h4 69. gxh4 gxh4 70. Ke3 Kxe5 0-1

[Event "Moscow Open A 2015"]
[Site "Moscow RUS"]
[Date "2015.02.03"]
[Round "4.11"]
[White "Wan, Yunguo"]
[Black "Mamedov, Rauf"]
[Result "0-1"]
[WhiteTitle "IM"]
[BlackTitle "GM"]
[WhiteElo "2472"]
[BlackElo "2642"]
[WhiteFideId "8603189"]
[BlackFideId "13401653"]
[EventDate "2015.01.31"]

1. e4 c5 2. Nf3 Nc6 3. d4 cxd4 4. Nxd4 g6 5. c4 Bg7 6. Be3 Qb6 7. Nb5 Qa5+ 8.
N1c3 Nf6 9. f3 O-O 10. Qd2 a6 11. Na3 d6 12. Be2 Be6 13. O-O Rfc8 14. Rfc1 Nd7
15. Rab1 Rab8 16. Nd5 Qxd2 17. Bxd2 f5 18. b4 fxe4 19. fxe4 Rf8 20. Bc3 Nd4 21.
Bf1 Rf7 22. Rd1 Nc6 23. Bxg7 Kxg7 24. Nc2 Rbf8 25. Nce3 Nf6 26. Nxf6 Rxf6 27.
Nd5 Rf2 28. a4 Ra2 29. a5 Rff2 30. Rb3 Rfb2 31. Rb1 Rxb3 32. Rxb3 Ra4 33. Nf4
Bf7 34. Nd5 e6 35. Nc7 Rxb4 36. Rd3 Kf8 37. Rxd6 Ke7 38. c5 Nxa5 39. e5 Re4 40.
Rb6 Rxe5 41. c6 bxc6 42. Rxa6 Rc5 43. Ra7 Kf6 44. Na6 Rc1 45. Nb8 Nc4 46. Nd7+
Kg7 47. Kf2 Nd6 48. Bd3 Nc8 49. Rc7 Ne7 50. Be4 Rc4 51. Bf3 Be8 52. Ne5 Rc2+ 53.
Ke3 Kf8 54. Kd3 Rc5 55. Kd4 Ra5 56. g4 Ra2 57. h4 h5 58. Kc5 Rd2 59. gxh5 gxh5
60. Ra7 Rc2+ 61. Kd6 Nc8+ 0-1

[Event "Moscow Open A 2015"]
[Site "Moscow RUS"]
[Date "2015.02.03"]
[Round "4.12"]
[White "Sanal, Vahap"]
[Black "Volkov, Sergey"]
[Result "1/2-1/2"]
[WhiteTitle "IM"]
[BlackTitle "GM"]
[WhiteElo "2460"]
[BlackElo "2618"]
[WhiteFideId "6300545"]
[BlackFideId "4122763"]
[EventDate "2015.01.31"]

1. e4 e6 2. d4 d5 3. Nc3 Nf6 4. Bg5 Bb4 5. Ne2 h6 6. Bxf6 Qxf6 7. a3 Ba5 8. e5
Qe7 9. b4 Bb6 10. Na4 O-O 11. Nf4 Bd7 12. c3 Bxa4 13. Qxa4 Nc6 14. Qd1 f6 15.
Ng6 Qf7 16. Nxf8 Rxf8 17. exf6 Qxf6 18. Ra2 e5 19. Bd3 exd4 20. c4 dxc4 21.
Bxc4+ Kh8 22. O-O a5 23. Bd5 axb4 24. Bxc6 bxc6 25. axb4 Qd6 26. Qd2 c5 27. bxc5
Bxc5 28. Qd3 Bb4 29. Qc4 c5 30. Rd1 Rd8 31. Rd3 Qd5 32. Rc2 Qxc4 33. Rxc4 Kg8
34. Kf1 Kf7 35. Rf3+ Ke6 36. Ke2 Ra8 37. Kd3 Ke5 38. Rc2 Ra3+ 39. Kc4 Rxf3 40.
gxf3 Kf4 41. Re2 Kxf3 42. Re6 h5 43. h4 Ba3 44. Rg6 Ke2 45. Rxg7 d3 46. Re7+
Kxf2 47. Rd7 Bb2 48. Rxd3 Bd4 49. Kd5 Kg2 50. Ke4 Bf6 51. Rd5 Bxh4 52. Rxc5 Bf2
53. Rxh5 Bb6 54. Rh6 Ba7 55. Rh8 Bb6 56. Rh7 Bc5 57. Rc7 Bb6 58. Rb7 Bc5 59. Rh7
Bb6 60. Kf4 Bc5 61. Rd7 Bb4 62. Rd5 Bc3 63. Ke3 Bf6 64. Rf5 Bd8 65. Rb5 Be7 66.
Rd5 Bf6 67. Kf4 Bc3 68. Rd3 Ba5 69. Rd7 Bb4 70. Rd3 Ba5 71. Rf3 Bb4 72. Kg4 Be1
73. Rf6 Bd2 74. Rd6 Be1 75. Rd3 Kf2 76. Kf4 Ba5 77. Rf3+ Kg2 78. Kg4 Be1 79. Rf4
Bd2 80. Rf5 Be1 81. Rf7 Bd2 82. Rd7 Be1 83. Kf4 Ba5 84. Rg7+ Kf2 85. Rb7 Bd2+
86. Ke4 Ba5 87. Rb2+ Kg3 88. Ke3 Bd8 89. Rb5 Be7 90. Rf5 Bd8 91. Rf3+ Kg2 92.
Ke2 Bh4 93. Rc3 Bg5 94. Rc5 Bh4 95. Rd5 Kg3 96. Ke3 Kg4 97. Rd4+ Kg3 98. Rd1
Bg5+ 99. Ke4 Be7 100. Rd3+ Kg2 101. Rb3 Bd6 102. Rb6 Bc7 103. Re6 Bb8 104. Rc6
Ba7 105. Rc8 1/2-1/2

[Event "Moscow Open A 2015"]
[Site "Moscow RUS"]
[Date "2015.02.03"]
[Round "4.13"]
[White "Goganov, Aleksey"]
[Black "Tabatabaei, M.amin"]
[Result "0-1"]
[WhiteTitle "GM"]
[BlackTitle "FM"]
[WhiteElo "2615"]
[BlackElo "2444"]
[WhiteFideId "24109959"]
[BlackFideId "12521213"]
[EventDate "2015.01.31"]

1. d4 d5 2. c4 dxc4 3. e4 b5 4. a4 c6 5. axb5 cxb5 6. Nc3 a6 7. Nxb5 axb5 8.
Rxa8 Bb7 9. Ra1 e6 10. f3 Nc6 11. Ne2 Na5 12. Nc3 Qb6 13. Nxb5 Qxb5 14. Qa4 Qxa4
15. Rxa4 Nc6 16. Be3 Bd6 17. Bxc4 Nge7 18. Ba6 Ba8 19. Bc8 Na5 20. Kf2 Nxc8 21.
Rxa5 Bb7 22. Rc1 Kd7 23. b4 Ne7 24. Ra7 Rb8 25. b5 f5 26. exf5 Nxf5 27. h3 Nxe3
28. Kxe3 Bc7 29. Kd3 Bb6 30. Ra4 Rf8 31. Re1 Kd6 32. Re5 h6 33. Ke3 Rc8 34. Kd3
Rc1 35. Rh5 Rd1+ 36. Kc3 Rg1 37. Ra2 Rb1 38. Rh4 Rxb5 39. Rb2 Rxb2 40. Kxb2 Bd8
41. Rf4 Bf6 42. Kc2 Ke7 43. h4 h5 44. Kd3 Bd5 45. g3 Bb7 46. d5 Bxd5 47. g4 hxg4
48. Rxg4 Bxf3 49. Ra4 Kf7 50. Ke3 Bd5 51. Kf2 Kg6 52. Kg3 Kh5 53. Kh3 e5 54. Rb4
Be6+ 55. Kg3 Bf5 56. Ra4 g6 0-1

[Event "Moscow Open A 2015"]
[Site "Moscow RUS"]
[Date "2015.02.03"]
[Round "4.14"]
[White "Kuderinov, Kirill"]
[Black "Demchenko, Anton"]
[Result "1-0"]
[WhiteTitle "IM"]
[BlackTitle "GM"]
[WhiteElo "2452"]
[BlackElo "2611"]
[WhiteFideId "13701568"]
[BlackFideId "4160258"]
[EventDate "2015.01.31"]

1. e4 c6 2. d4 d5 3. Nc3 dxe4 4. Nxe4 Bf5 5. Ng3 Bg6 6. Nf3 Nd7 7. h4 h6 8. h5
Bh7 9. Bd3 Bxd3 10. Qxd3 e6 11. Bd2 Ngf6 12. O-O-O Be7 13. Ne4 Nxe4 14. Qxe4 Nf6
15. Qe2 Qd5 16. c4 Qe4 17. Qxe4 Nxe4 18. Be3 f5 19. Nd2 Nf6 20. Nf3 Ng4 21. Ne5
Nxe3 22. fxe3 Bg5 23. Ng6 Rg8 24. Kd2 O-O-O 25. Ke2 Rge8 26. b4 Bf6 27. Rhf1 b6
28. a4 Kb7 29. b5 Rc8 30. bxc6+ Rxc6 31. Rc1 Rec8 32. Kd3 Rd6 33. g4 fxg4 34.
Ke4 Rdc6 35. Ne5 Bxe5 36. Kxe5 Rxc4 37. Rxc4 Rxc4 38. Kxe6 Rc6+ 39. Kd5 Rf6 40.
Rg1 Rf5+ 41. Ke6 Rxh5 42. d5 Rg5 43. d6 Rg6+ 44. Ke7 Rg5 45. d7 Rd5 46. d8=Q
Rxd8 47. Kxd8 h5 48. Kd7 1-0

[Event "Moscow Open A 2015"]
[Site "Moscow RUS"]
[Date "2015.02.03"]
[Round "4.15"]
[White "Petrov, Nikita"]
[Black "Savchenko, Boris"]
[Result "1-0"]
[WhiteTitle "IM"]
[BlackTitle "GM"]
[WhiteElo "2436"]
[BlackElo "2599"]
[WhiteFideId "4101286"]
[BlackFideId "4147332"]
[EventDate "2015.01.31"]

1. e4 g6 2. d4 Bg7 3. Nc3 d6 4. Nf3 Nc6 5. Be2 Bg4 6. Be3 e5 7. dxe5 Bxf3 8.
Bxf3 Nxe5 9. Be2 Ne7 10. Qd2 f5 11. Bg5 Qd7 12. Bxe7 Qxe7 13. Nd5 Qd7 14. exf5
gxf5 15. Bh5+ Kf8 16. O-O c6 17. Nf4 Bf6 18. Rad1 Rd8 19. Be2 Nf7 20. Nh5 Be5
21. Rfe1 Rg8 22. Bc4 f4 23. Bxf7 Kxf7 24. Rxe5 Qg4 25. f3 dxe5 26. fxg4 Rxd2 27.
Rxd2 Rxg4 28. Rd6 Rg5 29. Rh6 Rf5 30. Rxh7+ Kg6 31. g4 Rf8 32. Re7 Kg5 33. Rxe5+
Kxg4 34. Kf2 1-0

[Event "Moscow Open A 2015"]
[Site "Moscow RUS"]
[Date "2015.02.03"]
[Round "4.16"]
[White "Kukhmazov, Arsen"]
[Black "Timofeev, Artyom"]
[Result "0-1"]
[WhiteTitle "FM"]
[BlackTitle "GM"]
[WhiteElo "2434"]
[BlackElo "2568"]
[WhiteFideId "24108260"]
[BlackFideId "4140419"]
[EventDate "2015.01.31"]

1. d4 d5 2. c4 e6 3. Nc3 c6 4. e4 dxe4 5. Nxe4 Bb4+ 6. Bd2 Qxd4 7. Bxb4 Qxe4+ 8.
Ne2 Na6 9. Bf8 Ne7 10. Bxg7 Nb4 11. Qd6 Nd3+ 12. Kd2 Nf5 13. Qxd3 Qxd3+ 14. Kxd3
Nxg7 15. Ng3 b6 16. Be2 Bb7 17. Bf3 O-O-O+ 18. Kc3 c5 19. Bxb7+ Kxb7 20. Rad1
Kc7 21. Rhe1 Ne8 22. Rxd8 Kxd8 23. Re4 Nf6 24. Rf4 Ke7 25. Ne4 Nd7 26. Rh4 Ne5
27. Rh5 f5 28. Ng5 h6 29. f4 Ng6 30. Nh3 Kf7 31. g3 Ne7 32. Nf2 Kg6 33. g4 fxg4
34. Re5 Kf7 35. Nxg4 h5 36. Ne3 Ng6 37. Re4 Kf6 38. a3 Nh4 39. Nf1 Nf5 40. Kd3
Rg8 41. b4 Rg1 42. Nd2 Ra1 43. bxc5 Rxa3+ 44. Kc2 bxc5 45. Re5 Nd4+ 46. Kb1 Rh3
47. Ne4+ Kg6 48. Rg5+ Kf7 49. Rg2 Nf3 50. Rg3 Rxg3 51. hxg3 e5 52. fxe5 Nxe5 53.
Nxc5 Nxc4 54. Kc2 Ne3+ 55. Kd3 Nf5 56. Ke4 Nxg3+ 57. Kf4 h4 58. Kg4 Nf5 0-1

[Event "Moscow Open A 2015"]
[Site "Moscow RUS"]
[Date "2015.02.03"]
[Round "4.17"]
[White "Sharafiev, Azat"]
[Black "Gabrielian, Artur"]
[Result "1/2-1/2"]
[WhiteTitle "IM"]
[BlackTitle "GM"]
[WhiteElo "2395"]
[BlackElo "2554"]
[WhiteFideId "4186214"]
[BlackFideId "4131002"]
[EventDate "2015.01.31"]

1. d4 Nf6 2. c4 g6 3. Nc3 d5 4. cxd5 Nxd5 5. e4 Nxc3 6. bxc3 Bg7 7. Nf3 c5 8.
Rb1 O-O 9. Be2 b6 10. O-O Bb7 11. Qd3 Ba6 12. Qe3 Qc8 13. a4 Bxe2 14. Qxe2 e6
15. Rd1 Re8 16. Qb5 Nd7 17. Bg5 h6 18. Bh4 a6 19. Qd3 Qc6 20. d5 exd5 21. Qxd5
Qxd5 22. Rxd5 Ra7 23. Rbd1 Nf8 24. e5 g5 25. Bg3 Ne6 26. Nd2 b5 1/2-1/2

[Event "Moscow Open A 2015"]
[Site "Moscow RUS"]
[Date "2015.02.03"]
[Round "4.19"]
[White "Pridorozhni, Aleksei"]
[Black "Sanzhaev, Darsen"]
[Result "1-0"]
[WhiteTitle "GM"]
[BlackTitle "FM"]
[WhiteElo "2545"]
[BlackElo "2357"]
[WhiteFideId "4127870"]
[BlackFideId "24120030"]
[EventDate "2015.01.31"]

1. e4 c5 2. Nf3 e6 3. g3 a6 4. Bg2 b5 5. O-O Bb7 6. d3 d6 7. Ng5 Nf6 8. f4 Nbd7
9. Qe2 e5 10. Nc3 h6 11. Nf3 g6 12. a4 b4 13. Nd1 Bg7 14. fxe5 Nxe5 15. Nxe5
dxe5 16. Ne3 O-O 17. Nc4 Ne8 18. Be3 Rc8 19. Qf2 Qe7 20. a5 Rc6 21. Nb6 Nc7 22.
Bh3 Nb5 23. Nd5 Qd6 24. Qd2 Kh7 25. Rf2 f6 26. Raf1 Bc8 27. Bxc8 Rcxc8 28. Nb6
Rc6 29. c4 Nc7 30. Rf3 h5 31. Qg2 Qe6 32. Na4 Qe7 33. g4 Bh6 34. Bxh6 Kxh6 35.
gxh5 g5 36. Nb6 Qf7 37. Nd5 Nxd5 38. cxd5 Rd6 39. Qf2 Qxh5 40. Qxc5 Qg4+ 41. Rg3
Qd7 42. Qe3 Rg8 43. h4 Rg6 44. Rf5 Kg7 45. hxg5 fxg5 46. Rfxg5 Qe7 47. d4 exd4
48. Qxd4+ Kh7 49. Rxg6 Rxg6 50. Rxg6 Kxg6 51. d6 Qg5+ 52. Kf2 Qf4+ 53. Ke2 Qg4+
54. Kd3 Qd1+ 55. Kc4 Qe2+ 56. Kb3 Qf3+ 57. Kxb4 Qe2 58. d7 Qb5+ 59. Kc3 Qxa5+
60. Kc2 1-0

[Event "Moscow Open A 2015"]
[Site "Moscow RUS"]
[Date "2015.02.03"]
[Round "4.20"]
[White "Lomasov, Semen"]
[Black "Eliseev, Urii"]
[Result "1/2-1/2"]
[WhiteTitle "FM"]
[BlackTitle "GM"]
[WhiteElo "2305"]
[BlackElo "2518"]
[WhiteFideId "24164879"]
[BlackFideId "24131920"]
[EventDate "2015.01.31"]

1. e4 c5 2. Nf3 d6 3. Bb5+ Bd7 4. Bxd7+ Qxd7 5. c4 Nc6 6. Nc3 g6 7. d4 cxd4 8.
Nxd4 Nf6 9. f3 Bg7 10. Be3 O-O 11. O-O e6 12. Qd2 Rfd8 13. Rfd1 d5 14. cxd5 exd5
15. Nxc6 bxc6 16. exd5 Nxd5 17. Nxd5 Qxd5 18. Qxd5 Rxd5 19. Rxd5 cxd5 20. Rd1 d4
21. Bf2 Rc8 22. Kf1 Rc2 23. Bxd4 Bxd4 24. Rxd4 Rxb2 25. Ra4 Rb7 26. g4 g5 27.
Kf2 Kg7 28. Ra6 Rc7 29. Kg3 Rd7 30. h4 h6 31. hxg5 hxg5 32. Kf2 Re7 33. Kg3 Rd7 1/2-1/2

[Event "Moscow Open A 2015"]
[Site "Moscow RUS"]
[Date "2015.02.03"]
[Round "4.21"]
[White "Lysyj, Igor"]
[Black "Korchmar, Vasiliy"]
[Result "1-0"]
[WhiteTitle "GM"]
[BlackTitle "FM"]
[WhiteElo "2700"]
[BlackElo "2405"]
[WhiteFideId "4150120"]
[BlackFideId "24131750"]
[EventDate "2015.01.31"]

1. d4 d5 2. c4 c6 3. Nf3 Nf6 4. e3 Bg4 5. h3 Bh5 6. g4 Bg6 7. Ne5 e6 8. Nxg6
hxg6 9. Bg2 Nbd7 10. Qd3 g5 11. Nc3 Bb4 12. Bd2 a5 13. a3 Bxc3 14. Bxc3 Nb6 15.
cxd5 Nbxd5 16. Bd2 Qc7 17. Rc1 a4 18. Rc4 Nd7 19. O-O Kf8 20. b3 axb3 21. Qxb3
Kg8 22. Rb1 Rb8 23. a4 g6 24. Rc2 Qd6 25. Bc1 b5 26. a5 f5 27. e4 fxe4 28. Bxg5
Ra8 1-0

[Event "Moscow Open A 2015"]
[Site "Moscow RUS"]
[Date "2015.02.03"]
[Round "4.22"]
[White "Kokarev, Dmitry"]
[Black "Mu, Ke"]
[Result "1-0"]
[WhiteTitle "GM"]
[WhiteElo "2645"]
[BlackElo "2401"]
[WhiteFideId "4132181"]
[BlackFideId "8602778"]
[EventDate "2015.01.31"]

1. g3 Nf6 2. Bg2 d5 3. Nf3 g6 4. b3 Bg7 5. Bb2 O-O 6. c4 c6 7. O-O a5 8. Qc2 Na6
9. d3 Bg4 10. Nbd2 Bxf3 11. Nxf3 e6 12. a3 Nd7 13. d4 Re8 14. Rfd1 Qb6 15. e3
Rec8 16. Bc3 Qd8 17. Qd2 b6 18. Qe2 Nac5 19. Nd2 Ra7 20. Rac1 Na6 21. Bb2 f5 22.
Nf3 Nab8 23. Rc2 Rac7 24. Rdc1 Nf8 25. Ne1 Nbd7 26. Nd3 b5 27. Bc3 a4 28. Ba5 1-0

[Event "Moscow Open A 2015"]
[Site "Moscow RUS"]
[Date "2015.02.03"]
[Round "4.23"]
[White "Khairullin, Ildar"]
[Black "Svetlov, Dmitry"]
[Result "1/2-1/2"]
[WhiteTitle "GM"]
[BlackTitle "FM"]
[WhiteElo "2629"]
[BlackElo "2396"]
[WhiteFideId "4151348"]
[BlackFideId "24102610"]
[EventDate "2015.01.31"]

1. d4 d5 2. c4 c6 3. Nf3 Nf6 4. e3 e6 5. Bd3 Nbd7 6. O-O Bd6 7. Nbd2 O-O 8. e4
dxe4 9. Nxe4 Nxe4 10. Bxe4 h6 11. Bc2 e5 12. Re1 exd4 13. Qxd4 Bc5 14. Qc3 Qb6
15. Re2 Rd8 16. a3 a5 17. Bf4 Nf8 18. Be5 f6 19. Bg3 Bg4 20. Rae1 Bh5 21. Rb1 a4
22. h3 Bg6 23. Nh4 Bf7 24. Nf5 Rd7 25. Re4 Bg6 26. Rg4 Bxf5 27. Bxf5 Rd4 28. b4
axb3 29. Rxb3 Rd1+ 30. Kh2 Bxf2 31. Bxf2 Qxf2 32. Qxf6 Qg1+ 33. Kg3 Qe1+ 34. Kh2 1/2-1/2

[Event "Moscow Open A 2015"]
[Site "Moscow RUS"]
[Date "2015.02.03"]
[Round "4.24"]
[White "Tsydypov, Zhamsaran"]
[Black "Bukavshin, Ivan"]
[Result "0-1"]
[WhiteTitle "FM"]
[BlackTitle "GM"]
[WhiteElo "2398"]
[BlackElo "2622"]
[WhiteFideId "4108566"]
[BlackFideId "4199758"]
[EventDate "2015.01.31"]

1. e4 c6 2. d4 d5 3. e5 Bf5 4. Nf3 e6 5. Be2 Ne7 6. O-O h6 7. Nbd2 Nd7 8. Nb3 g5
9. Ne1 Qc7 10. Nd3 b6 11. Be3 Bg7 12. Rc1 Rd8 13. Qe1 c5 14. dxc5 Nxe5 15. cxb6
axb6 16. f4 N5c6 17. c3 Qa7 18. Nd4 Nxd4 19. Bxd4 Bxd4+ 20. cxd4 Qxa2 21. Rc7
Qa4 22. Ne5 Qxd4+ 23. Kh1 Rc8 24. Nc6 Qxb2 25. Rxe7+ Kf8 26. Qf2 Rh7 27. Nd4
Kxe7 28. fxg5 hxg5 0-1

[Event "Moscow Open A 2015"]
[Site "Moscow RUS"]
[Date "2015.02.03"]
[Round "4.25"]
[White "Ponkratov, Pavel"]
[Black "Gevorgyan, David"]
[Result "1/2-1/2"]
[WhiteTitle "GM"]
[WhiteElo "2620"]
[BlackElo "2395"]
[WhiteFideId "4157800"]
[BlackFideId "13303244"]
[EventDate "2015.01.31"]

1. d4 Nf6 2. c4 e6 3. g3 d5 4. Bg2 Be7 5. Nf3 O-O 6. Nbd2 b6 7. cxd5 exd5 8. O-O
Re8 9. Ne5 Bb7 10. Qa4 Nfd7 11. f4 c5 12. e3 f6 13. Qb3 Nxe5 14. dxe5 fxe5 15.
Nc4 exf4 16. Na5 c4 17. Nxb7 cxb3 18. Nxd8 Rxd8 19. Rd1 Nc6 20. gxf4 bxa2 21.
Rxa2 Rac8 22. Rxd5 Nb4 23. Rxd8+ Rxd8 24. Rxa7 Rd1+ 25. Kf2 Bc5 26. Ra1 Rxc1 27.
Rxc1 Nd3+ 28. Ke2 Nxc1+ 29. Kd2 Kf8 30. Bd5 Ke7 31. h3 h6 32. e4 Bd4 33. Kxc1
Be3+ 34. Kd1 Bxf4 35. Ke2 Be5 36. b3 Kd6 37. Kf3 Kc5 38. Kg4 Kd6 39. Kf3 1/2-1/2

[Event "Moscow Open A 2015"]
[Site "Moscow RUS"]
[Date "2015.02.03"]
[Round "4.26"]
[White "Fier, Alexandr"]
[Black "Martirosyan, Haik M."]
[Result "1/2-1/2"]
[WhiteTitle "GM"]
[BlackTitle "FM"]
[WhiteElo "2604"]
[BlackElo "2389"]
[WhiteFideId "2107139"]
[BlackFideId "13306553"]
[EventDate "2015.01.31"]

1. d4 Nf6 2. c4 e6 3. Nc3 Bb4 4. e3 Bxc3+ 5. bxc3 c5 6. Bd3 Nc6 7. Ne2 d6 8. e4
e5 9. d5 Ne7 10. f3 O-O 11. Be3 Ne8 12. Ng3 f5 13. exf5 Nxf5 14. Bf2 Qg5 15. O-O
Nxg3 16. Bxg3 Bf5 17. f4 Bxd3 18. Qxd3 exf4 19. Qd2 Nf6 20. Qxf4 Qxf4 21. Bxf4
Ne4 22. Rae1 Rae8 23. h4 h6 24. h5 Rf7 25. g3 Rfe7 1/2-1/2

[Event "Moscow Open A 2015"]
[Site "Moscow RUS"]
[Date "2015.02.03"]
[Round "4.27"]
[White "Shimanov, Aleksandr"]
[Black "Zude, Erik"]
[Result "1-0"]
[WhiteTitle "GM"]
[BlackTitle "IM"]
[WhiteElo "2591"]
[BlackElo "2378"]
[WhiteFideId "4198603"]
[BlackFideId "4604644"]
[EventDate "2015.01.31"]

1. e4 e5 2. Nf3 d6 3. Bc4 Nf6 4. d3 Be7 5. O-O O-O 6. Re1 c6 7. Bb3 Nbd7 8. c3
d5 9. exd5 Nxd5 10. Nbd2 f6 11. d4 Kh8 12. Nf1 exd4 13. Nxd4 Ne5 14. Ng3 Bg4 15.
f3 Bd7 16. Bc2 Bc5 17. f4 Bg4 18. Qd2 Ng6 19. f5 Ne5 20. Kh1 Qb8 21. Qf2 Qe8 22.
Qf1 Bb6 23. Ne6 Rg8 24. c4 1-0

[Event "Moscow Open A 2015"]
[Site "Moscow RUS"]
[Date "2015.02.03"]
[Round "4.28"]
[White "Grigoriants, Sergey"]
[Black "Appolonov, Sergey"]
[Result "1-0"]
[WhiteTitle "GM"]
[BlackTitle "IM"]
[WhiteElo "2567"]
[BlackElo "2370"]
[WhiteFideId "4130804"]
[BlackFideId "4116291"]
[EventDate "2015.01.31"]

1. Nf3 c5 2. c4 g6 3. d4 cxd4 4. Nxd4 Nc6 5. e4 Nf6 6. Nc3 d6 7. Nc2 Bg7 8. Be2
O-O 9. Be3 Be6 10. Qd2 Qa5 11. O-O Rfc8 12. Rae1 Ng4 13. Bxg4 Bxg4 14. b4 Bxc3
15. Qxc3 Qe5 16. Qd3 Re8 17. Bd4 Qg5 1-0

[Event "Moscow Open A 2015"]
[Site "Moscow RUS"]
[Date "2015.02.03"]
[Round "4.29"]
[White "Rozum, Ivan"]
[Black "Khegay, Dmitriy"]
[Result "1/2-1/2"]
[WhiteTitle "GM"]
[BlackTitle "FM"]
[WhiteElo "2554"]
[BlackElo "2370"]
[WhiteFideId "24104272"]
[BlackFideId "24153729"]
[EventDate "2015.01.31"]

1. d4 Nf6 2. c4 e6 3. g3 d5 4. Nf3 Bb4+ 5. Bd2 a5 6. Bg2 dxc4 7. Qc2 b5 8. a4 c6
9. axb5 Bxd2+ 10. Nfxd2 O-O 11. bxc6 Nd5 12. O-O Nxc6 13. Qxc4 Ncb4 14. Nc3 Ba6
15. Qc5 Bb7 16. Nxd5 Bxd5 17. e4 Ba2 18. Nf3 Rc8 19. Qh5 Rc2 20. b3 Rc3 21. Qb5
Qc7 22. Qa4 Qb6 23. Nd2 Qc7 24. d5 Qc5 25. dxe6 fxe6 26. Qd7 Rc2 27. Qxe6+ Kh8
28. Qd7 Nc6 29. Rad1 Nd4 30. e5 Qxe5 31. Rde1 Qf6 32. Ne4 Qd8 33. Qa7 Nxb3 34.
Rd1 Qc7 35. Qe3 Nc5 36. Rc1 Nxe4 37. Bxe4 Rxc1 38. Rxc1 Qe7 39. Ra1 Re8 40. Rxa2
Qxe4 41. Qxe4 Rxe4 42. Rxa5 h6 43. h4 Re7 44. Kg2 Kh7 45. g4 Rb7 46. Kg3 Rc7 47.
Ra8 Rb7 48. Re8 Rf7 49. f4 Ra7 50. Kf3 Ra1 51. f5 Rb1 52. Rd8 Ra1 53. Rd4 Ra3+
54. Kf4 Rh3 55. h5 Ra3 56. Ke5 Ra5+ 57. Ke6 Ra6+ 58. Ke7 Ra7+ 59. Rd7 Ra4 60.
Kf8 Kh8 61. g5 hxg5 62. h6 gxh6 63. f6 Ra8+ 64. Kf7 Kh7 65. Ke6+ Kg6 66. Rg7+
Kh5 67. f7 Ra6+ 68. Ke7 Ra7+ 69. Kd6 Ra6+ 70. Kd7 Ra7+ 1/2-1/2

[Event "Moscow Open A 2015"]
[Site "Moscow RUS"]
[Date "2015.02.03"]
[Round "4.30"]
[White "Kryakvin, Dmitry"]
[Black "Bublei, Pavel"]
[Result "1/2-1/2"]
[WhiteTitle "GM"]
[BlackTitle "FM"]
[WhiteElo "2548"]
[BlackElo "2354"]
[WhiteFideId "4153278"]
[BlackFideId "24112593"]
[EventDate "2015.01.31"]

1. d4 Nf6 2. c4 e6 3. Nf3 b6 4. g3 Bb7 5. Bg2 c5 6. Nc3 cxd4 7. Qxd4 Nc6 8. Qf4
Be7 9. O-O O-O 10. Rd1 Rc8 11. b3 h6 12. Bb2 a6 13. Rac1 Qc7 14. Qxc7 Rxc7 15.
e4 d6 16. Nd5 exd5 17. cxd5 Rfc8 18. dxc6 Bxc6 19. Bh3 Bd7 20. Bxd7 Nxd7 21.
Rxc7 Rxc7 22. Nd4 g6 23. Kg2 b5 24. Rd2 Bf6 25. f4 b4 26. Kf3 h5 27. Ne2 Bxb2
28. Rxb2 Kf8 29. Rd2 Ke7 30. Ke3 Nf6 31. h3 a5 32. Kd4 Rc5 33. Ke3 Rc7 34. e5
dxe5 35. fxe5 Nd7 36. Rd5 Nc5 37. Nd4 a4 38. Rd6 axb3 39. axb3 Kf8 40. g4 hxg4
41. hxg4 Kg7 42. g5 Rc8 43. Kf4 Re8 44. Rd5 Rc8 45. Kg4 Kf8 46. Kf4 Nd3+ 47. Ke4
Nc5+ 48. Ke3 Kg7 49. Kf4 Nd3+ 50. Kg4 Rc5 51. Rxc5 Nxc5 52. Kf4 Kf8 53. Nc6 Nxb3
54. Nxb4 1/2-1/2

[Event "Moscow Open A 2015"]
[Site "Moscow RUS"]
[Date "2015.02.03"]
[Round "4.31"]
[White "Ali, Muhammad Lutfi"]
[Black "Megaranto, Susanto"]
[Result "1/2-1/2"]
[WhiteTitle "FM"]
[BlackTitle "GM"]
[WhiteElo "2404"]
[BlackElo "2548"]
[WhiteFideId "7103743"]
[BlackFideId "7101384"]
[EventDate "2015.01.31"]

1. e4 e5 2. Nf3 Nf6 3. Nxe5 d6 4. Nf3 Nxe4 5. Qe2 Qe7 6. d3 Nf6 7. Bg5 Nbd7 8.
Nbd2 h6 9. Bh4 Qxe2+ 10. Bxe2 Be7 11. O-O-O Nf8 12. Rhe1 Ng6 13. Bg3 O-O 14. d4
Be6 1/2-1/2

[Event "Moscow Open A 2015"]
[Site "Moscow RUS"]
[Date "2015.02.03"]
[Round "4.32"]
[White "Kharchenko, Boris"]
[Black "Kazakovskiy, Valeriy"]
[Result "1-0"]
[WhiteTitle "GM"]
[WhiteElo "2483"]
[BlackElo "2354"]
[WhiteFideId "14113210"]
[BlackFideId "13507443"]
[EventDate "2015.01.31"]

1. e4 c5 2. Nf3 Nc6 3. Bb5 Nf6 4. Nc3 Qc7 5. O-O Nd4 6. d3 Nxb5 7. Nxb5 Qb6 8.
c4 d6 9. Bg5 e6 10. Bxf6 gxf6 11. Qd2 Bd7 12. Nc3 Be7 13. Kh1 h5 14. a3 h4 15.
h3 O-O-O 16. b4 Rdg8 17. Rab1 Rh5 18. bxc5 Qxc5 19. Nd5 Bd8 20. Qb2 Bc6 21. Nxf6
Bxf6 22. Qxf6 Rh7 23. d4 Qxa3 24. d5 Bd7 25. c5 dxc5 26. Ra1 Qd3 27. Rfc1 Bb5
28. Qf4 c4 29. Rxa7 1-0